ბათუმის შოთა რუსთაველის სახელმწიფო უნივერსიტეტის ბიბლიოთეკა

Пространства основных и обобщенных функций. (ბიბ.ჩანაწერი № 38934)

000 -LEADER
fixed length control field 00696nam a2200205Ia 4500
001 - CONTROL NUMBER
control field 5357
003 - CONTROL NUMBER IDENTIFIER
control field GE_BSU
008 - FIXED-LENGTH DATA ELEMENTS--GENERAL INFORMATION
fixed length control field 181216s||||||||xx |||||||||||||| ||und||
040 ## - CATALOGING SOURCE
Transcribing agency GE_BSU
080 ## - UNIVERSAL DECIMAL CLASSIFICATION NUMBER
Universal Decimal Classification number 517.982+517.982.4
100 ## - MAIN ENTRY--PERSONAL NAME
Personal name Гельфанд И.М., Шилов Г.Е
245 ## - TITLE STATEMENT
Title Пространства основных и обобщенных функций.
245 ## - TITLE STATEMENT
Statement of responsibility, etc. Ред. M.C. Агранович и Л.А. Стебакова.
260 ## - PUBLICATION, DISTRIBUTION, ETC.
Place of publication, distribution, etc. Москва
260 ## - PUBLICATION, DISTRIBUTION, ETC.
Name of publisher, distributor, etc. Госиздат физ.-мат. лит-ры
260 ## - PUBLICATION, DISTRIBUTION, ETC.
Date of publication, distribution, etc. 1958
300 ## - PHYSICAL DESCRIPTION
Extent 304 с. 20 см.
653 ## - INDEX TERM--UNCONTROLLED
Uncontrolled term Пространства основных и обобщенных функций.
942 ## - ADDED ENTRY ELEMENTS (KOHA)
Koha item type წიგნი
ეგზემპლარები
Withdrawn status Lost status Damaged status Not for loan Date acquired Barcode Date last seen Price effective from Koha item type Public note
        2018-12-17 16326 2018-12-17 2018-12-17 წიგნი დარბაზი